| 000 | 00487ntaaa2200193 4500 | ||
|---|---|---|---|
| 003 | 01 | ||
| 005 | 20251027202120.0 | ||
| 008 | 0714s1973 ag 01 | ||
| 040 |
_aAR-BaBN _bspa _cAR-BaBN _eaacr _dRIC |
||
| 082 | _a261.8000 G18 | ||
| 100 |
_aGarmon, William S _919645 |
||
| 245 | _aWho are the criminals? | ||
| 250 | _a1 ed. | ||
| 260 |
_aNashville : _bBroadman Press, _cc1968 |
||
| 300 | _a127 p | ||
| 500 | _aComo ayudar a los criminales | ||
| 650 |
_acriminales _919646 |
||
| 942 | _cBK | ||
| 999 |
_c16055 _d16055 |
||